000 00664nam a2200241 i 4500
001 C2-0253436
003 PPAK
005 20180727220701.0
008 040315s1986 enka|||| ||||| | eng d
020 _a0850597722
040 _aPPAK
_beng
_cPPAK
_erda
082 0 4 _a623.7674
_223
090 0 0 _a623.7674
_bMAS
_dR
100 1 _aMason, Francis K.,
_eauthor
245 1 0 _aTornado
264 1 _aGreat Britain :
_bThorsons ,
_c1986
300 _a216 pages :
_bcolour illustrations ;
_c28 cm
336 _2rdacontent
_atext
337 _2rdamedia
_aunmediated
338 _2rdacarrier
_avolume
650 1 0 _aTornado (Jet bomber plane) - History
942 _ddc
_cB
999 _c66287
_d66287